[Event "OMA-chT Clubs"]
[Site "Muscat"]
[Date "2022.08.29"]
[Round "5.3"]
[White "Aljabri, Salam Humaid"]
[Black "Al Shabibi, Mohammed Sultan"]
[Result "1-0"]
[WhiteElo "1562"]
[BlackElo "1429"]
[PlyCount "117"]
[EventDate "2022.08.26"]
[EventType "team-swiss"]
[EventRounds "9"]
[EventCountry "OMN"]
[SourceTitle "EXT 2023"]
[Source "ChessBase"]
[SourceDate "2022.10.05"]
[SourceVersion "1"]
[SourceVersionDate "2022.10.05"]
[SourceQuality "1"]
[WhiteTeam "Majees White"]
[BlackTeam "Ibri II"]
[WhiteTeamCountry "OMN"]
[BlackTeamCountry "OMN"]

1. e4 c5 2. Nf3 g6 3. d4 cxd4 4. Nxd4 Bg7 5. Nc3 Nc6 6. Nxc6 bxc6 7. Bc4 Nf6 8. 0-0 0-0 9. e5 Ne8 10. e6 d5 11. exf7+ Rxf7 12. Nxd5 e6 13. Nc3 Qb6 14. Qe2 Kh8 15. Bb3 Nc7 16. Be3 Qb4 17. Rad1 Ba6 18. Qd2 Bxf1 19. Kxf1 Nd5 20. Bd4 Qxd4 21. Qxd4 Bxd4 22. Rxd4 Rd8 23. Ke1 Rf4 24. Rd2 Kg7 25. f3 Rff8 26. Ne4 Nf4 27. Rf2 Rb8 28. g3 Nd5 29. Nc5 Rfe8 30. Re2 Kf7 31. f4 Re7 32. Ne4 h6 33. Kf2 Nc7 34. Rd2 Nd5 35. Kf3 Rb4 36. Nd6+ Kg7 37. Nc4 Kf6 38. Ne5 Rc7 39. Re2 h5 40. Nd3 Rb5 41. c4 Nxf4 42. Nxf4 Re5 43. Rd2 Re1 44. Rd6 h4 45. c5 hxg3 46. hxg3 Rb7 47. Rxc6 a5 48. Kf2 Re5 49. Nxe6 Ke7 50. Nf4 Rg5 51. Nxg6+ Ke8 52. Nf4 a4 53. Re6+ Kd8 54. Rd6+ Kc7 55. Ne6+ Kb8 56. Nxg5 axb3 57. a3 Rg7 58. Ne6 Rh7 59. Ke1 1-0

[Event "OMA-chT Clubs"]
[Site "Muscat"]
[Date "2022.08.27"]
[Round "3.3"]
[White "Salim Mohammed, Salim Al Amri"]
[Black "Al Shabibi, Mohammed Sultan"]
[Result "1-0"]
[WhiteElo "1917"]
[BlackElo "1429"]
[PlyCount "97"]
[EventDate "2022.08.26"]
[EventType "team-swiss"]
[EventRounds "9"]
[EventCountry "OMN"]
[SourceTitle "EXT 2023"]
[Source "ChessBase"]
[SourceDate "2022.10.05"]
[SourceVersion "1"]
[SourceVersionDate "2022.10.05"]
[SourceQuality "1"]
[WhiteTeam "Masirah White"]
[BlackTeam "Ibri II"]
[WhiteTeamCountry "OMN"]
[BlackTeamCountry "OMN"]

1. d4 Nf6 2. c4 g6 3. Nf3 Bg7 4. Nc3 0-0 5. g3 d5 6. cxd5 Nxd5 7. Bg2 Re8 8. 0-0 Nxc3 9. bxc3 Nd7 10. Qb3 h6 11. Bb2 c5 12. Rfd1 Qb6 13. Qa3 e5 14. e3 Bf8 15. Qb3 c4 16. Qc2 Qf6 17. Nd2 Qe6 18. a4 a5 19. Ba3 Nb6 20. Bxf8 Kxf8 21. Rdb1 Ra7 22. Rb5 Nd7 23. Bd5 Qf5 24. Qxf5 gxf5 25. Nxc4 exd4 26. cxd4 Nf6 27. Bf3 Ne4 28. Bxe4 fxe4 29. Nd6 Bd7 30. Rxb7 Rxb7 31. Nxb7 Ra8 32. Nc5 Bc6 33. Rb1 Ke7 34. Kg2 Rg8 35. Rb6 Rc8 36. Ra6 Bd5 37. Rxa5 Ra8 38. Rb5 Bc6 39. Rb4 Ra5 40. Kh3 f6 41. Kg4 Kf7 42. Kf4 Kg6 43. h4 h5 44. Rb1 Bd5 45. Rb6 Ba8 46. Ra6 Rxa6 47. Nxa6 f5 48. Nc7 Bc6 49. a5 1-0